000 00621nam a2200229Ia 4500
003 OSt
005 20220923230110.0
006 a|||||r|||| 00| 0
007 ta
008 Pun
024 _a277,319
037 _cTextual
040 _aARTS
_cARTS
_bPun
041 _2Pun
_aPun
082 _aO153.3N19,DD, J1;K5
100 _aਅੰਮ੍ਰਿਤਾ ਪ੍ਰੀਤਮ
245 0 _aਡਾਕਟਰ ਦੇਵ
260 _c1951
650 _aਪੰਜਾਬੀ ਸਾਹਿਤ
942 _hO153.3N19,DD, J1;K5
_cTEXL
_2CC
999 _c382436
_d382436